00501nam a2200169Ia 4500003000400000008004100004040001600045082001600061100002000077245009200097260004400189300000800233650002100241650003600262650001800298650001500316GCL140319s9999 xx 000 0 eng d aGCL / cGCL04a613.71bW B1 aWESTCOTT, WAYNE10aBE STRONG: STRENGTH TRAINING FOR MUSCULAR FITNESS FOR MEN AND WOMEN / cWESTCOTT, WAYNE a[S.N] : bBROWN AND BENCHMARK ، c1993 a14304aPHYSICAL FITNESS04aHEALTH CARE TEAMS - TRAINING OF04aMUSCULARSENSE04aSTRONG MEN